Paesi più Grandi dell'Iran - Statistics

Statistiche generali
  • Questo quiz è stato fatto 45 volte
  • Il punteggio medio è 14 su 16
Statistiche sulle risposte
Superficie Paese % Corretto
2,780,400 Argentina
100%
8,514,877 Brasile
100%
9,984,670 Canada
100%
9,596,961 Cina
100%
17,098,242 Russia
100%
1,964,375 Messico
97%
9,826,675 Stati Uniti
97%
3,287,263 India
93%
7,741,220 Australia
90%
2,344,858 Rep. Dem. del Congo
90%
2,149,690 Arabia Saudita
86%
2,724,900 Kazakistan
86%
2,381,741 Algeria
83%
1,904,569 Indonesia
69%
1,759,540 Libia
66%
1,861,484 Sudan
62%
Nessun quiz corrispondente trovato
Distribuzione punteggi
Percentuale di utenti per punteggio
Percentile per numero di risposta
I tuoi punteggi nel tempo
Non hai fatto questo quiz